[Event "Lugano op 10"]
[Site "Lugano"]
[Date "2021.10.30"]
[Round "2"]
[White "Cusini, Mattia"]
[Black "Guess, Cornel Andreas"]
[Result "0-1"]
[WhiteElo "1365"]
[BlackElo "2082"]
[PlyCount "120"]
[EventDate "2021.10.29"]
[EventType "swiss"]
[EventRounds "5"]
[EventCountry "SUI"]
[SourceTitle "CBM 205 Extra"]
[Source "ChessBase"]
[SourceDate "2022.01.31"]
[SourceVersion "1"]
[SourceVersionDate "2022.01.31"]
[SourceQuality "1"]

1. e4 e5 2. Nf3 Nc6 3. d3 Nf6 4. a3 d5 5. exd5 Nxd5 6. Be2 Be7 7. 0-0 0-0 8. c3 a5 9. c4 Nb6 10. Nc3 Be6 11. Ne4 h6 12. Be3 f5 13. Nc5 Bc8 14. Qc2 f4 15. Bd2 Bxc5 16. b4 axb4 17. axb4 Rxa1 18. Rxa1 Nd4 19. Nxd4 Bxd4 20. Rf1 Bf5 21. c5 Nd5 22. Bf3 c6 23. Qc4 Kh8 24. b5 Ne7 25. b6 Bxd3 26. Qe6 Rf6 27. Qb3 Bxf1 28. Kxf1 Bxc5 29. Bc3 Bd4 30. Ba5 Nd5 31. Qd3 Bxb6 32. Be1 Ne3+ 33. Ke2 Qxd3+ 34. Kxd3 Nf5 35. Ke4 Bd4 36. Bg4 Nd6+ 37. Kd3 c5 38. h4 e4+ 39. Ke2 b5 40. f3 b4 41. fxe4 Nxe4 42. Kd3 Nf2+ 43. Bxf2 Bxf2 44. Kc4 f3 45. gxf3 Rf4+ 46. Kb3 Rxg4 47. fxg4 Bxh4 48. Kc4 Bg5 49. Kd3 g6 50. Ke4 Kg7 51. Kd3 h5 52. Ke4 hxg4 53. Kd3 g3 54. Ke2 b3 55. Kf3 b2 56. Kg2 b1Q 57. Kh3 Kf6 58. Kg2 Kf5 59. Kf3 Qf1+ 60. Kxg3 Bf4+ 0-1

[Event "Lugano op 10"]
[Site "Lugano"]
[Date "2021.10.29"]
[Round "1"]
[White "Guess, Cornel Andreas"]
[Black "Bangerter, Ena"]
[Result "1-0"]
[WhiteElo "2082"]
[BlackElo "1458"]
[PlyCount "103"]
[EventDate "2021.10.29"]
[EventType "swiss"]
[EventRounds "5"]
[EventCountry "SUI"]
[SourceTitle "CBM 205 Extra"]
[Source "ChessBase"]
[SourceDate "2022.01.31"]
[SourceVersion "1"]
[SourceVersionDate "2022.01.31"]
[SourceQuality "1"]

1. d4 d5 2. c4 e6 3. Nc3 Nf6 4. Bg5 Be7 5. e3 b6 6. Nf3 c5 7. dxc5 bxc5 8. cxd5 Nxd5 9. Bxe7 Nxe7 10. Qxd8+ Kxd8 11. Ne5 Ke8 12. Ne4 f6 13. Bb5+ Kf8 14. Rd1 Nd5 15. Nd3 a6 16. Bc4 Nb6 17. Ndxc5 Ke7 18. Be2 N8d7 19. f4 f5 20. Nxd7 Bxd7 21. Nc3 Bc6 22. Kf2 Nd5 23. Nxd5+ Bxd5 24. Bf3 Bxf3 25. Kxf3 Rac8 26. Rc1 Rhd8 27. Ke2 Kf6 28. Rhd1 Ke7 29. b4 Rxd1 30. Kxd1 Rd8+ 31. Ke2 Rd6 32. Rc7+ Kf6 33. Rb7 Rc6 34. a4 Rc2+ 35. Kf3 Ra2 36. a5 h5 37. Rb6 Ra4 38. g3 g6 39. h3 Ke7 40. g4 fxg4+ 41. hxg4 h4 42. g5 Ra2 43. Kg4 Re2 44. Rxa6 Rxe3 45. Kxh4 Re4 46. Rb6 Rxf4+ 47. Kg3 Rd4 48. a6 Rd3+ 49. Kf4 Ra3 50. b5 Ra1 51. Rb7+ Kf8 52. a7 1-0